الجريمة والعقاب : (Record no. 14944)

MARC details
000 -الفاتح
حقل البيانات ثابتة الطول 01341nam a2200277 i 4500
003 - محدد رقم الضبط
رقم الضبط EG-ScBUE
005 - وقت وتاريخ اخر تعامل مع التسجيلة
رقم الضبط 20240813114433.0
008 - عناصر البيانات ثابتة الطول - معلومات عامة
حقل البيانات ثابتة الطول 110122s1997 ua o f 000 0 ara d
017 ## - رقم الإيداع القانونى
رقم الإيداع القانونى 97 / 10245
020 ## - الرقم الدولى المعيارى للكتب
الرقم الدولى المعيارى للكتاب 9775568081
040 ## - مصدر الفهرسة
وكالة الفهرسة الأصلية EG-ScBUE
لغة الفهرسة ara
قواعد الوصف rda
وكالة النسخ EG-ScBUE
وكالة التعديل EG-ScBUE
043 ## - رمز المنطقة الجغرافية
رمز المنطقة الجغرافية f-ua---
082 04 - رقم تصنيف ديوى العشرى
رقم التصنيف 962.06
رقم المادة ج ر ي
رقم الطبعة 22
245 02 - بيان العنوان
العنوان الجريمة والعقاب :
بقية العنوان أعيدوا حقوق الأسرى وحاكموا القتلة :تقرير المنظمة حول الانتهاكات الجسيمة التي ارتكبها قادة وجنود الجيش الإسرائيلي ضد الأسرى والمدنيين المصريين أثناء حربي 1956 و 1967 وحرب الاستنزاف.
264 #1 - النشر، التوزيع
مكان الناشر او الموزع القاهرة :
اسم الناشر او الموزع المنظمة المصرية لحقوق الإنسان،
تاريخ النشر أو التوزيع 1997.
300 ## - الوصف المادى
التعداد 193 صفحة :
تفاصيل ماديه اخرى للوعاء صور ؛
أبعاد الوعاء 25 سم
336 ## - نوع المحتوى
source rdacontent
Carrier Type Term نص
Content Type Code txt
337 ## - نوع الوسيط
Media Type Term بدون وسيط
source rdamedia
Media Type Code n
338 ## - نوع الحامل أو الناقل
Carrier Type Term مجلد
Carrier Type Code nc
source rdacarrier
541 ## - تبصرة المصدر المباشر للتزويد
مصدر التزويد د. باسم احمد ؛
طريقة التزويد إهداء ؛
650 #7 - المدخل الاضافى بالموضوع-مصطلح موضوعى
9 (RLIN) 22138
مصطلح موضوعي أو اسم جغرافي كعنصر مدخل الحروب العربية الاسرائيلية
التقسيم الفرعي العام أسرى الحرب.
مصدر الرأس أو المصطلح BUEsh
650 #7 - المدخل الاضافى بالموضوع-مصطلح موضوعى
9 (RLIN) 17148
مصطلح موضوعي أو اسم جغرافي كعنصر مدخل حرب يونيو1967م
التقسيم الفرعي الجغرافي مصر.
مصدر الرأس أو المصطلح BUEsh
650 #7 - المدخل الاضافى بالموضوع-مصطلح موضوعى
9 (RLIN) 16923
مصطلح موضوعي أو اسم جغرافي كعنصر مدخل الاعتداء الثلاثي على مصر 1956.
مصدر الرأس أو المصطلح BUEsh
655 ## - مصطلح تكشيفى-نوع/شكل
التقسيم الفرعي الشكلي Reading book
942 ## - عناصر المدخل الإضافي( كوها)
مصدر التصنيف او مخطط الترفيف Dewey Decimal Classification
Koha [default] item type Book - Borrowing
Holdings
حالة التراجع حالة الفقد مصدر التصنيف او خطة الترفيف حالة تلف ليس للاعارة مجموعات كوها المكان الدائم المكان الحالي موقع الترفيف تاريخ الاكتساب Source of acquisition رقم الاستدعاء الباركود Date last seen مُعار نوع الوعاء
    Dewey Decimal Classification     Donation-Gift Central Library Central Library Second Floor 22/01/2011 Donation 962.06 ج ر ي 000022787 15/07/2025 29/05/2011 Book - Borrowing